Normal view MARC view
  • Groundwater

Entry Topical Term

Number of records used in: 1

001 - CONTROL NUMBER

  • control field: 25236

003 - CONTROL NUMBER IDENTIFIER

  • control field: NUST

005 - DATE AND TIME OF LATEST TRANSACTION

  • control field: 20191105155351.0

008 - FIXED-LENGTH DATA ELEMENTS

  • fixed length control field: 191105|| aca||aabn | a|a d

040 ## - CATALOGING SOURCE

  • Original cataloging agency: NUST
  • Transcribing agency: NUST

150 ## - HEADING--TOPICAL TERM

  • Topical term or geographic name entry element: Groundwater

670 ## - SOURCE DATA FOUND

  • Source citation: Work cat.: (NUST)0: Ahlfeld, David P. (David Philip) 25235, Optimal management of flow in groundwater systems /, c2000.
© 2023 Central Library, National University of Sciences and Technology. All Rights Reserved.